000
00299nam a22001337a 4500
008
210519b ||||| |||| 00| 0 eng d
041
_a
eng
080
_2
2nd
_a
004
082
_a
004
100
_a
28
101
_a
SHKI
245
_a
Assembler Language with Assist
_c
Overbeek,R.A
942
_2
udc
_c
BK
999
_c
57482
_d
57482